[Event "Lvov Ukrainian Chess Warriors"]
[Site "Lvov"]
[Date "2024.03.15"]
[Round "1"]
[White "Suminski, Bogdan"]
[Black "Kravtsiv, Martyn"]
[Result "0-1"]
[WhiteElo "1600"]
[BlackElo "2598"]
[PlyCount "64"]
[EventDate "2024.03.15"]
[EventType "swiss (rapid)"]
[EventRounds "8"]
[EventCountry "UKR"]
[SourceTitle "CB12_2024"]
[SourceDate "2023.10.01"]
[SourceVersion "1"]
[SourceVersionDate "2023.10.01"]
[SourceQuality "1"]

1. e4 e5 2. d4 exd4 3. Qxd4 Nc6 4. Qe3 Nf6 5. Bd2 Bb4 6. Nc3 0-0 7. 0-0-0 Re8 8. Bc4 d6 9. Nf3 Be6 10. Bxe6 Rxe6 11. Ng5 Re8 12. f3 d5 13. Qf2 d4 14. Nb5 Bc5 15. Bf4 Bb6 16. Qd2 Qe7 17. Na3 Bc5 18. Nb5 Bb6 19. Na3 Rad8 20. Nc4 Bc5 21. Qd3 h6 22. Nh3 b5 23. Nd2 a6 24. Nb3 Bb6 25. Qd2 Ne5 26. Bxh6 gxh6 27. Qxh6 Nh7 28. Nf4 Qf6 29. Qxf6 Nxf6 30. Rhf1 Nc4 31. Rfe1 c5 32. Nd2 Ne3 0-1

[Event "Ustron op-C"]
[Site "Ustron"]
[Date "2021.08.17"]
[Round "6"]
[White "Wiercigroch, Grzegorz"]
[Black "Suminski, Bogdan"]
[Result "1/2-1/2"]
[WhiteElo "1564"]
[BlackElo "1423"]
[PlyCount "92"]
[EventDate "2021.08.13"]
[EventType "swiss"]
[EventRounds "9"]
[EventCountry "POL"]
[SourceTitle "EXT 2022"]
[Source "ChessBase"]
[SourceDate "2021.10.06"]
[SourceVersion "1"]
[SourceVersionDate "2021.10.06"]
[SourceQuality "1"]

1. d4 d5 2. c4 e6 3. Nc3 c6 4. Nf3 Nf6 5. Bg5 h6 6. Bxf6 Qxf6 7. e3 Bd6 8. Rc1 Nd7 9. Bd3 Qe7 10. 0-0 0-0 11. e4 dxe4 12. Nxe4 Bc7 13. Re1 Nf6 14. Qe2 Rd8 15. Nxf6+ Qxf6 16. d5 Ba5 17. Red1 exd5 18. cxd5 cxd5 19. Rc5 Bb6 20. Rxd5 Be6 21. Rxd8+ Rxd8 22. b3 Bd5 23. Qe5 Qxe5 24. Nxe5 Be4 25. Kf1 Kf8 26. f3 Bf5 27. Be2 Rxd1+ 28. Bxd1 Bc7 29. Nc4 Bxh2 30. Ke2 Bf4 31. Na5 b6 32. Nc6 a6 33. Nb4 Bd7 34. Bc2 Bb5+ 35. Bd3 Bd6 36. Bxb5 Bxb4 37. Bxa6 Ke7 38. Kd3 Kd6 39. Kc4 Bc5 40. Bb7 f5 41. b4 Be3 42. Kd3 Bf2 43. a4 Ke5 44. Ke2 Bd4 45. Kd3 Bf2 46. Ke2 Bd4 1/2-1/2

[Event "Ustron op-C"]
[Site "Ustron"]
[Date "2021.08.15"]
[Round "3"]
[White "Suminski, Bogdan"]
[Black "Gienko, Yaroslav"]
[Result "1-0"]
[WhiteElo "1423"]
[BlackElo "1578"]
[PlyCount "75"]
[EventDate "2021.08.13"]
[EventType "swiss"]
[EventRounds "9"]
[EventCountry "POL"]
[SourceTitle "EXT 2022"]
[Source "ChessBase"]
[SourceDate "2021.10.06"]
[SourceVersion "1"]
[SourceVersionDate "2021.10.06"]
[SourceQuality "1"]

1. e4 c5 2. c3 e6 3. d4 cxd4 4. cxd4 Nf6 5. Nc3 Bb4 6. Bd3 Nc6 7. Nf3 d5 8. e5 Ne4 9. Bd2 f5 10. exf6 Nxd2 11. Qxd2 Qxf6 12. 0-0 0-0 13. Rad1 h6 14. Bb1 Bxc3 15. Qxc3 Bd7 16. b4 b5 17. Qd3 a6 18. Rc1 Qf5 19. Qe3 Qf4 20. Qd3 Qf5 21. Qe3 Qg4 22. Ne5 Nxe5 23. Qxe5 Rac8 24. Rc7 Rxc7 25. Qxc7 Bc8 26. Qe5 Qh4 27. g3 Qe7 28. a3 Rf3 29. Rc1 Rf8 30. Rc7 Qg5 31. Rxc8 Qxe5 32. Rxf8+ Kxf8 33. dxe5 Ke7 34. f4 Kd7 35. Kf2 Kc6 36. Ke3 Kb6 37. Kd4 a5 38. Bg6 1-0